Description de toutes les nations de l'Empire de Russie, où l'on exposé leurs moeurs, religions, usages, habitations, habillemens et autres particularités remarquables. Coll.2: Description de toutes les nations de l'Empire de Russie, où l'on exposé leurs moeurs et manières de vivre, leure religions, usages, habitations, habillemens et autres particularités remarquables, qui contient les nations tatares établies dans cet Empire (Запись № 13487903)

Подробности
000 -МАРКЕР
контрольное поле 01694nam2a22002651 4500
001 - ИДЕНТИФИКАТОР ЗАПИСИ
контрольное поле RU\NLR\A2\4684
005 - ИДЕНТИФИКАТОР ВЕРСИИ
контрольное поле 20251214191637.0
035 ## - ДРУГИЕ СИСТЕМНЫЕ НОМЕРА
Идентификатор записи (NLR Aleph) 009858204
100 ## - ДАННЫЕ ОБЩЕЙ ОБРАБОТКИ
Данные общей обработки 19970214d1776 u y0rusy50 ca
101 1# - ЯЗЫК РЕСУРСА
Язык текста, звукозаписи и т.д. французский
Язык оригинала немецкий
200 1# - ЗАГЛАВИЕ И СВЕДЕНИЯ ОБ ОТВЕТСТВЕННОСТИ
Основное заглавие Description de toutes les nations de l'Empire de Russie, où l'on exposé leurs moeurs et manières de vivre, leure religions, usages, habitations, habillemens et autres particularités remarquables, qui contient les nations tatares établies dans cet Empire
210 ## - ПУБЛИКАЦИЯ, РАСПРОСТРАНЕНИЕ И ДР.
Место издания, распространения и т.д. [St. Pétersbourg (St.- Peterburg)]
Имя издателя, распространителя и т. д. Aux dépens de Charles Guillaume Müller
Дата издания, распространения и т.д. 1776
215 ## - ФИЗИЧЕСКАЯ ХАРАКТЕРИСТИКА
Специфическое обозначение материала и объем [4], 228, [4] с., [28] л. ил.
461 #1 - УРОВЕНЬ НАБОРА
Встроенное поле 001RU\NLR\A2\4682
-- 2000#$aDescription de toutes les nations de l'Empire de Russie, où l'on exposé leurs moeurs, religions, usages, habitations, habillemens et autres particularités remarquables$eTraduite de l'allemand$vColl.2
-- 700#1$6a01700$aGeorgi$bJ.G.$f1729-1801$gJohann Gottlieb$4070
-- 700#1$6a01700$7ca$aГеорги$bИ.И.$f1729-1801$gИван Иванович$4070
Системный номер (АБИС) связанной записи 10374078
Автор Georgi, J.G. (1729-1801)
Место публикации St. Pétersbourg [St.- Peterburg]
Дата публикации 1776-1777
Имя издателя, распространителя и т.д. Aux dépens de Charles Guillaume Müller
Сведения, относящиеся к заглавию Traduite de l'allemand
Заглавие Description de toutes les nations de l'Empire de Russie, où l'on exposé leurs moeurs, religions, usages, habitations, habillemens et autres particularités remarquables
Номер тома Coll.2
620 ## - МЕСТО И ДАТА ПУБЛИКАЦИИ, ИСПОЛНЕНИЯ И Т. Д.
Город St.- Peterburg
702 #1 - ИМЯ ЛИЦА - ВТОРИЧНАЯ ОТВЕТСТВЕННОСТЬ
Связь между полями z01790
Начальный элемент ввода Müller
Часть имени, кроме начального элемента ввода C.W.
Расширение инициалов личного имени Carl Wilhelm
Код отношения Заказчик, капиталовкладчик
790 #1 - ИМЯ ЛИЦА - АЛЬТЕРНАТИВНАЯ ФОРМА
Связь между полями z01702
Начальный элемент ввода Müller
Расширение инициалов личного имени Charles Guillaume
Код отношения Заказчик, капиталовкладчик
801 #0 - ИСТОЧНИК ЗАПИСИ
Страна российская федерация
Организация NLR
Дата составления 19970214
852 ## - МЕСТОНАХОЖДЕНИЕ И ШИФР ХРАНЕНИЯ
Идентификатор организации NLR
Шифр хранения (Call Number) 13.6.5.5
942 ## - ДОПОЛНИТЕЛЬНЫЕ ЭЛЕМЕНТЫ ЗАПИСИ (АБИС)
Тип экземпляра АБИС Книга
980 ## - КОЛЛЕКЦИЯ
Название коллекции Россика
980 ## - КОЛЛЕКЦИЯ
Название коллекции Книги XVIII века на западноевропейских языках, изданные в России
980 ## - КОЛЛЕКЦИЯ
Название коллекции Национальная библиография

Нет доступных экземпляров.